Lectures on integrable systems : in memory of Jean-Louis Verdier : proceedings of the CIMPA School, 10-28 June 1991, Nice, France /
Guardado en:
| Autores Corporativos: | , |
|---|---|
| Otros Autores: | , , , |
| Formato: | Libro |
| Idioma: | English |
| Publicado: |
Singapore :
World Scientific,
c1994.
|
| Etiquetas: |
Agregar Etiqueta
Sin Etiquetas, Sea el primero en etiquetar este registro!
|
| LEADER | 01437nam a22002415a 4500 | ||
|---|---|---|---|
| 001 | MAT.inmabb003801 | ||
| 008 | 060222s1994####si#a#####b####111#0#eng#d | ||
| 005 | 20160530165154.0 | ||
| 245 | 0 | 0 | |a Lectures on integrable systems : |b in memory of Jean-Louis Verdier : proceedings of the CIMPA School, 10-28 June 1991, Nice, France / |c editors: Olivier Babelon, Pierre Cartier, Yvette Kosmann-Schwarzbach. |
| 260 | |a Singapore : |b World Scientific, |c c1994. | ||
| 300 | |a xi, 354 p. : |b il. ; |c 23 cm. | ||
| 504 | |a Incluye referencias bibliográficas e índice. | ||
| 505 | 0 | |a P. Cartier, Some fundamental techniques in the theory of integrable systems -- H. Flaschka, Integrable systems and torus actions -- L. A. Dickey, Field-theoretical (multi-time) Lagrange-Hamilton formalism and integrable equations -- P. van Moerbeke, Integrable foundations of string theory -- M. A. Semenov-Tian-Shansky, Lectures on $R$-matrices, Poisson-Lie groups and integrable systems -- L. A. Takhtajan, Elementary course on quantum groups. | |
| 510 | 4 | |a MR, |c 97i:58004 | |
| 020 | |a 9810217579 | ||
| 700 | 1 | |a Verdier, Jean Louis. | |
| 700 | 1 | |a Babelon, Olivier, |d 1951- |4 edt | |
| 700 | 1 | |a Cartier, P. |q (Pierre) |4 edt | |
| 700 | 1 | |a Kosmann-Schwarzbach, Yvette, |d 1941- |4 edt | |
| 710 | 2 | |a C.I.M.P.A. (Centro) | |
| 711 | 2 | |a International School on Integrable Systems |d (1991 : |c Niza, Francia) | |
| 084 | |a 37J35 (37-06 00B30) |2 msc2000 | ||
| 859 | |h 37 |i L471 |p A-7022 |b BIB. MATEMATICA | ||
